[Event "La Pobla de Lillet op-B"]
[Site "La Pobla de Lillet"]
[Date "2022.08.08"]
[Round "7"]
[White "Oliva Llorens, Antoni"]
[Black "Le, Guillaume"]
[Result "1-0"]
[WhiteElo "1751"]
[BlackElo "1548"]
[PlyCount "49"]
[EventDate "2022.08.02"]
[EventType "swiss"]
[EventRounds "9"]
[EventCountry "ESP"]
[SourceTitle "CBM 209 Extra"]
[Source "ChessBase"]
[SourceDate "2022.09.30"]
[SourceVersion "1"]
[SourceVersionDate "2022.09.30"]
[SourceQuality "1"]

1. d4 e5 2. c3 e4 3. Bf4 d5 4. e3 f5 5. Nd2 Nf6 6. Qb3 Bd6 7. Bg3 0-0 8. c4 c6 9. Bh4 Qb6 10. Qc2 Qc7 11. Be2 f4 12. exf4 Bxf4 13. Bg3 Bxg3 14. hxg3 e3 15. 0-0-0 exd2+ 16. Rxd2 g6 17. Bd3 dxc4 18. Bxc4+ Kg7 19. Re2 Bf5 20. Qd2 Qd6 21. Qh6+ Kh8 22. Nf3 Na6 23. Rhe1 Rae8 24. Re7 Qd8 25. Qg7# 1-0

[Event "La Pobla de Lillet op-B"]
[Site "La Pobla de Lillet"]
[Date "2022.08.02"]
[Round "1"]
[White "Oliva Llorens, Antoni"]
[Black "Sanner, Jean Michel"]
[Result "1-0"]
[WhiteElo "1751"]
[BlackElo "1503"]
[PlyCount "78"]
[EventDate "2022.08.02"]
[EventType "swiss"]
[EventRounds "9"]
[EventCountry "ESP"]
[SourceTitle "CBM 209 Extra"]
[Source "ChessBase"]
[SourceDate "2022.09.30"]
[SourceVersion "1"]
[SourceVersionDate "2022.09.30"]
[SourceQuality "1"]

1. d4 Nf6 2. Nf3 g6 3. Bf4 Bg7 4. Nbd2 d6 5. h3 c5 6. c3 Nc6 7. dxc5 dxc5 8. e3 0-0 9. Bb5 Bd7 10. Qe2 a6 11. Bxc6 Bxc6 12. 0-0 b5 13. Rfd1 Qa5 14. e4 Bb7 15. e5 Nd5 16. Bh2 Bh6 17. Nb3 Qb6 18. g3 Nc7 19. Nh4 Ne6 20. f4 Qc6 21. Kf2 c4 22. Nd4 Nc5 23. Qe3 Nd3+ 24. Rxd3 cxd3 25. Qxd3 e6 26. g4 Rad8 27. g5 Bg7 28. Bg1 Qc5 29. Kg3 Qd5 30. a3 Bxe5 31. fxe5 Qxe5+ 32. Kf2 Qf4+ 33. Nhf3 Qd6 34. Bh2 Qd5 35. Be5 Qc5 36. Bf6 Rd5 37. Ne5 Rd6 38. Ng4 Re8 39. Be5 Qd5 1-0

[Event "La Pobla de Lillet op-B 30th"]
[Site "La Pobla de Lillet"]
[Date "2021.08.05"]
[Round "4"]
[White "Torralba Brosa, Marc"]
[Black "Oliva Llorens, Antoni"]
[Result "1-0"]
[WhiteElo "1776"]
[BlackElo "1754"]
[PlyCount "119"]
[EventDate "2021.08.02"]
[EventType "swiss"]
[EventRounds "9"]
[EventCountry "ESP"]
[SourceTitle "EXT 2022"]
[Source "ChessBase"]
[SourceDate "2021.10.06"]
[SourceVersion "1"]
[SourceVersionDate "2021.10.06"]
[SourceQuality "1"]

1. e4 c5 2. d4 cxd4 3. c3 d3 4. Bxd3 Nc6 5. c4 e6 6. Nf3 Nf6 7. Nc3 d6 8. 0-0 Be7 9. Be3 a6 10. Nd4 Qc7 11. f3 0-0 12. Qd2 Nxd4 13. Bxd4 Nd7 14. Be2 Bf6 15. Be3 b6 16. Rac1 Bb7 17. Kh1 Rad8 18. b3 Qb8 19. Rfd1 Be7 20. Bf1 Bc6 21. Qf2 Qb7 22. Ne2 d5 23. cxd5 exd5 24. Nd4 Rc8 25. Nxc6 Rxc6 26. Rxc6 Qxc6 27. exd5 Qb7 28. Bd3 Bd6 29. Qh4 f5 30. Qg5 g6 31. Bd4 Re8 32. Bxf5 Qxd5 33. Qh4 Qxf5 34. Bc3 Be5 35. Qc4+ Kf8 36. Bb4+ Nc5 37. Bxc5+ bxc5 38. Qxc5+ Kf7 39. Qa7+ Re7 40. Qxa6 Qf4 41. Qc4+ Kg7 42. Qxf4 Bxf4 43. g3 Be5 44. Kg2 Kf6 45. f4 Bc3 46. Kf3 Bb4 47. a4 Bc5 48. Rd3 Re1 49. h4 h5 50. Rc3 Ba7 51. a5 Kf5 52. b4 Rb1 53. Rc7 Bg1 54. Rf7+ Ke6 55. Rb7 Rb2 56. g4 Bf2 57. gxh5 gxh5 58. a6 Bxh4 59. a7 Ra2 60. b5 1-0

[Event "La Pobla de Lillet op-B 30th"]
[Site "La Pobla de Lillet"]
[Date "2021.08.03"]
[Round "2"]
[White "Franch Bessa, Julia"]
[Black "Oliva Llorens, Antoni"]
[Result "0-1"]
[WhiteElo "1556"]
[BlackElo "1754"]
[PlyCount "74"]
[EventDate "2021.08.02"]
[EventType "swiss"]
[EventRounds "9"]
[EventCountry "ESP"]
[SourceTitle "EXT 2022"]
[Source "ChessBase"]
[SourceDate "2021.10.06"]
[SourceVersion "1"]
[SourceVersionDate "2021.10.06"]
[SourceQuality "1"]

1. b4 Nf6 2. Bb2 e6 3. b5 c5 4. e3 Be7 5. Nf3 d5 6. c4 0-0 7. Be2 a6 8. 0-0 dxc4 9. bxa6 Nxa6 10. Bxc4 Nc7 11. Nc3 Nfd5 12. Rc1 Nxc3 13. Rxc3 b5 14. Be2 c4 15. Nd4 Bb7 16. Bf3 Bxf3 17. Qxf3 Nd5 18. Nc6 Qc7 19. Nxe7+ Qxe7 20. Rcc1 Rxa2 21. Rb1 b4 22. e4 Nb6 23. Qg3 f6 24. Qe3 Na4 25. Bd4 e5 26. Ba1 Rd8 27. Rfd1 Rd3 28. Qe2 Qd6 29. Qg4 Nb6 30. Rb2 Rxb2 31. Bxb2 c3 32. Bc1 Nd7 33. Qe2 Nc5 34. f4 Qd4+ 35. Kh1 Nxe4 36. Rf1 cxd2 37. Bb2 d1Q 0-1

[Event "La Pobla de Lillet op-B 30th"]
[Site "La Pobla de Lillet"]
[Date "2021.08.02"]
[Round "1"]
[White "Oliva Llorens, Antoni"]
[Black "Puertas Buscalla, Joan"]
[Result "1-0"]
[WhiteElo "1754"]
[BlackElo "1432"]
[PlyCount "65"]
[EventDate "2021.08.02"]
[EventType "swiss"]
[EventRounds "9"]
[EventCountry "ESP"]
[SourceTitle "EXT 2022"]
[Source "ChessBase"]
[SourceDate "2021.10.06"]
[SourceVersion "1"]
[SourceVersionDate "2021.10.06"]
[SourceQuality "1"]

1. e4 c5 2. d3 Nc6 3. f4 e6 4. g3 d5 5. Bg2 Bd6 6. exd5 exd5 7. Bxd5 Nce7 8. Bg2 Nf6 9. Nf3 0-0 10. Nc3 Re8 11. 0-0 Qb6 12. Kh1 Ned5 13. Nxd5 Nxd5 14. Re1 Bd7 15. c4 Rxe1+ 16. Nxe1 Nf6 17. h3 Bc6 18. Bxc6 Qxc6+ 19. Kh2 Re8 20. Bd2 b5 21. Bc3 Bc7 22. Nf3 bxc4 23. dxc4 Qe6 24. b3 Ne4 25. Be5 Bxe5 26. fxe5 Nf2 27. Qf1 Ne4 28. Re1 Qg6 29. Qg2 Rd8 30. Nh4 Qg5 31. Rxe4 Rd3 32. Re2 Qh5 33. Qa8+ 1-0

[Event "Girona-ch Seniors"]
[Site "Girona"]
[Date "2020.02.25"]
[Round "4.4"]
[White "Oliva Llorens, Antoni"]
[Black "Balague Canadell, Jordi"]
[Result "1/2-1/2"]
[WhiteElo "1791"]
[BlackElo "1955"]
[PlyCount "43"]
[EventDate "2020.02.04"]
[EventType "swiss"]
[EventRounds "6"]
[EventCountry "ESP"]
[SourceTitle "EXT 2024"]
[Source "ChessBase"]
[SourceDate "2023.10.10"]
[SourceVersion "1"]
[SourceVersionDate "2023.10.10"]
[SourceQuality "1"]

1. e4 e5 2. Nf3 Nf6 3. Nxe5 d6 4. Nf3 Nxe4 5. d4 Be7 6. Bd3 d5 7. 0-0 0-0 8. Nbd2 Bf5 9. Re1 Nd6 10. Bxf5 Nxf5 11. c3 c6 12. Nf1 Nd7 13. Qc2 g6 14. Bf4 Re8 15. Re2 Bd6 16. Rxe8+ Qxe8 17. Re1 Qf8 18. Ne5 Nxe5 19. Bxe5 Re8 20. Bxd6 Nxd6 21. Rxe8 Qxe8 22. Qd1 1/2-1/2

[Event "Girona-ch Seniors"]
[Site "Girona"]
[Date "2020.02.18"]
[Round "3.4"]
[White "Feliu Pale, Joaquim"]
[Black "Oliva Llorens, Antoni"]
[Result "0-1"]
[WhiteElo "1586"]
[BlackElo "1791"]
[PlyCount "79"]
[EventDate "2020.02.04"]
[EventType "swiss"]
[EventRounds "6"]
[EventCountry "ESP"]
[SourceTitle "EXT 2024"]
[Source "ChessBase"]
[SourceDate "2023.10.10"]
[SourceVersion "1"]
[SourceVersionDate "2023.10.10"]
[SourceQuality "1"]

1. e4 c5 2. Nf3 e6 3. d4 cxd4 4. Nxd4 a6 5. Nc3 Qc7 6. g3 d6 7. Bg2 Nf6 8. 0-0 Be7 9. Be3 Nbd7 10. a4 0-0 11. Nb3 Rb8 12. Qe2 b6 13. Kh1 Bb7 14. Rfd1 Rfc8 15. Rd2 Ne5 16. Rdd1 b5 17. axb5 axb5 18. f4 Qc4 19. fxe5 Qxe2 20. Nxe2 dxe5 21. c3 Bxe4 22. Bxe4 Nxe4 23. Kg2 b4 24. Ra7 Bf8 25. Rdd7 bxc3 26. bxc3 Rxb3 27. Rac7 Rxc7 28. Rxc7 Rb2 29. Kf3 f5 30. h4 h5 31. Rc8 Kf7 32. Nc1 Nd2+ 33. Bxd2 Rxd2 34. Ke3 Rg2 35. Kf3 Rd2 36. Ne2 Bd6 37. Rc6 Ba3 38. c4 Kf6 39. Ng1 e4+ 40. Ke3 0-1

[Event "Girona-ch Seniors"]
[Site "Girona"]
[Date "2020.02.04"]
[Round "1.7"]
[White "Villa Carrillo, Julio"]
[Black "Oliva Llorens, Antoni"]
[Result "0-1"]
[WhiteElo "1407"]
[BlackElo "1791"]
[PlyCount "109"]
[EventDate "2020.02.04"]
[EventType "swiss"]
[EventRounds "6"]
[EventCountry "ESP"]
[SourceTitle "EXT 2024"]
[Source "ChessBase"]
[SourceDate "2023.10.10"]
[SourceVersion "1"]
[SourceVersionDate "2023.10.10"]
[SourceQuality "1"]

1. e4 c5 2. Nf3 e6 3. Nc3 a6 4. d3 Qc7 5. Be2 Be7 6. Bg5 b5 7. Bxe7 Nxe7 8. a3 Bb7 9. 0-0 0-0 10. Ne1 d5 11. exd5 exd5 12. Bf3 Nd7 13. d4 c4 14. Ne2 Nf6 15. Ng3 Rfe8 16. c3 Bc8 17. Nc2 Nf5 18. Nxf5 Bxf5 19. Ne3 Bd3 20. Re1 Qd6 21. Be2 Bg6 22. Bf3 a5 23. Ng4 Nxg4 24. Bxg4 b4 25. axb4 axb4 26. Rxe8+ Rxe8 27. Qa4 Qe7 28. h3 bxc3 29. bxc3 h5 30. Bf3 Rd8 31. Qd1 h4 32. Qe1 Qg5 33. Qe3 Qf6 34. Re1 Bd3 35. Qe5 Qxe5 36. Rxe5 Rb8 37. Re1 Rb5 38. g3 hxg3 39. fxg3 Rb3 40. Rc1 Rb5 41. Kf2 f5 42. Ke3 g5 43. h4 g4 44. Be2 Be4 45. Kf4 Rb2 46. Ke3 Kf7 47. Bf1 Ke6 48. Be2 Bd3 49. Bxd3 cxd3 50. Kxd3 Rg2 51. Ke3 Rxg3+ 52. Kf4 Rf3+ 53. Kg5 g3 54. c4 dxc4 55. Rxc4 0-1

[Event "Barcelona Sants op 21st"]
[Site "Barcelona"]
[Date "2019.08.25"]
[Round "3"]
[White "Morais Carreras, Javier"]
[Black "Oliva Llorens, Antoni"]
[Result "1-0"]
[WhiteElo "1939"]
[BlackElo "1820"]
[PlyCount "76"]
[EventDate "2019.08.23"]
[EventType "swiss"]
[EventRounds "10"]
[EventCountry "ESP"]
[SourceTitle "EXT 2020"]
[Source "ChessBase"]
[SourceDate "2019.10.17"]
[SourceVersion "1"]
[SourceVersionDate "2019.10.17"]
[SourceQuality "1"]

1. e4 c5 2. Nf3 e6 3. d3 Nc6 4. g3 Nge7 5. Bg2 g6 6. 0-0 Bg7 7. Re1 d6 8. c3 0-0 9. d4 Rb8 10. Be3 b6 11. Qd2 Bb7 12. Bh6 d5 13. e5 Bxh6 14. Qxh6 Nf5 15. Qf4 Qe7 16. Nbd2 cxd4 17. cxd4 Qb4 18. Nb3 a5 19. g4 a4 20. gxf5 f6 21. fxg6 fxe5 22. Qh6 Qe7 23. Qxh7+ Qxh7 24. gxh7+ Kh8 25. Nbd2 e4 26. Ne5 Nxe5 27. dxe5 Rf5 28. Rac1 Rbf8 29. Rc7 Ba6 30. f3 exf3 31. Nxf3 Rxf3 32. Bxf3 Rxf3 33. Re7 Bc4 34. Rxe6 d4 35. Rd6 d3 36. e6 Rf8 37. e7 Re8 38. Rd8 Bb5 1-0

[Event "Catalunya-chT GpB final"]
[Site "Barcelona"]
[Date "2017.03.25"]
[Round "3.10"]
[White "Oliva Llorens, Antoni"]
[Black "Fabregas Fontanet, Antonio"]
[Result "0-1"]
[WhiteElo "1871"]
[BlackElo "1883"]
[PlyCount "90"]
[EventDate "2017.03.11"]
[EventType "team-tourn"]
[EventRounds "11"]
[EventCountry "ESP"]
[SourceTitle "CBM 177 Extra"]
[Source "ChessBase"]
[SourceDate "2017.04.27"]
[SourceVersion "1"]
[SourceVersionDate "2017.04.27"]
[SourceQuality "1"]
[WhiteTeam "Banyoles"]
[BlackTeam "Montcada"]
[WhiteTeamCountry "ESP"]
[BlackTeamCountry "ESP"]

1. e4 d6 2. d4 Nf6 3. Nc3 c6 4. f3 Nbd7 5. Be3 e6 6. Qd2 Be7 7. Bd3 0-0 8. Nh3 e5 9. Nf2 Re8 10. 0-0 b5 11. Ne2 Qc7 12. c3 Rb8 13. a3 c5 14. b4 exd4 15. cxd4 c4 16. Bc2 Nb6 17. Nc3 Bd7 18. g4 Rbd8 19. Bf4 a6 20. Nh1 Kh8 21. Ng3 Bc8 22. g5 Nfd7 23. Nf5 Bf8 24. Qf2 Nb8 25. Ne3 Bb7 26. Qg3 Qd7 27. h4 Be7 28. Kf2 f6 29. Rh1 Rf8 30. Rag1 Nc6 31. Nf5 g6 32. Nxe7 Qxe7 33. Be3 Rde8 34. d5 Ne5 35. Bxb6 fxg5 36. Bd4 Rf4 37. Qxg5 Rxf3+ 38. Ke2 Qf7 39. Rf1 Rf8 40. Bxe5+ dxe5 41. Qxe5+ Kg8 42. Qe6 Qxe6 43. dxe6 Rxc3 44. Rxf8+ Kxf8 45. Kd2 Rxc2+ 0-1

[Event "Catalunya-chT GpB final"]
[Site "Barcelona"]
[Date "2017.03.18"]
[Round "2.10"]
[White "Moles Fuentes, Jesus"]
[Black "Oliva Llorens, Antoni"]
[Result "1-0"]
[WhiteElo "1948"]
[BlackElo "1871"]
[PlyCount "65"]
[EventDate "2017.03.11"]
[EventType "team-tourn"]
[EventRounds "11"]
[EventCountry "ESP"]
[SourceTitle "CBM 177 Extra"]
[Source "ChessBase"]
[SourceDate "2017.04.27"]
[SourceVersion "1"]
[SourceVersionDate "2017.04.27"]
[SourceQuality "1"]
[WhiteTeam "Gerunda"]
[BlackTeam "Banyoles"]
[WhiteTeamCountry "ESP"]
[BlackTeamCountry "ESP"]

1. c4 c5 2. g3 Nc6 3. Bg2 Qc7 4. Nc3 e6 5. d3 a6 6. e4 Nf6 7. Nge2 Be7 8. 0-0 Rb8 9. a4 0-0 10. h3 d6 11. Be3 e5 12. f4 Nd4 13. g4 b5 14. g5 Nd7 15. axb5 axb5 16. Bxd4 cxd4 17. Nxb5 Qb6 18. Rb1 Ba6 19. Na3 Qb4 20. Nc2 Qb3 21. Nc1 Qb6 22. Qd2 Bxc4 23. f5 Bb3 24. Nxb3 Qxb3 25. f6 Bd8 26. fxg7 Kxg7 27. h4 Nc5 28. Rf3 Ne6 29. Bh3 Nf4 30. Bf5 Qa2 31. Ra1 Qxb2 32. Ra7 Rc8 33. Bxc8 1-0

[Event "Catalunya-chT Gp2"]
[Site "Barcelona"]
[Date "2017.01.21"]
[Round "1.8"]
[White "Alshameary Puente, Ismael"]
[Black "Oliva Llorens, Antoni"]
[Result "1-0"]
[WhiteElo "2325"]
[BlackElo "1871"]
[PlyCount "67"]
[EventDate "2017.01.21"]
[EventType "team-tourn"]
[EventRounds "7"]
[EventCountry "ESP"]
[SourceTitle "CBM 176 Extra"]
[Source "ChessBase"]
[SourceDate "2017.03.02"]
[SourceVersion "1"]
[SourceVersionDate "2017.03.02"]
[SourceQuality "1"]
[WhiteTeam "Barcelona Escola Escacs"]
[BlackTeam "Banyoles"]
[WhiteTeamCountry "ESP"]
[BlackTeamCountry "ESP"]

1. d4 Nf6 2. c4 e6 3. Nc3 b6 4. e4 d6 5. Bd3 Nbd7 6. Nge2 Be7 7. 0-0 0-0 8. Ng3 c5 9. d5 Ne5 10. Be2 exd5 11. cxd5 a6 12. f4 Ng6 13. a4 Re8 14. Bd3 Bf8 15. h3 Qc7 16. b3 Ra7 17. Bb2 Qd7 18. Qc2 Qc7 19. Rae1 h5 20. e5 dxe5 21. fxe5 Nxe5 22. Rxf6 gxf6 23. Nce4 Bg7 24. Nxh5 Qd8 25. Qf2 Kf8 26. Qg3 Bh8 27. Qf4 Qxd5 28. Qh6+ Ke7 29. Bc4 Nxc4 30. Nexf6+ Qe6 31. Rxe6+ Bxe6 32. bxc4 Rd8 33. Qg5 Rd1+ 34. Kh2 1-0

[Event "Figueres op-B 16th"]
[Site "Figueres"]
[Date "2015.08.16"]
[Round "7"]
[White "Oliva Llorens, Antoni"]
[Black "Renaux, Osmin"]
[Result "1/2-1/2"]
[WhiteElo "1906"]
[BlackElo "1918"]
[PlyCount "58"]
[EventDate "2015.08.11"]
[EventType "swiss"]
[EventRounds "7"]
[EventCountry "ESP"]
[SourceTitle "EXT 2016"]
[Source "ChessBase"]
[SourceDate "2015.10.08"]
[SourceVersion "1"]
[SourceVersionDate "2015.10.08"]
[SourceQuality "1"]

1. e4 c5 2. d3 Nc6 3. g3 g6 4. Bg2 Bg7 5. c3 d6 6. Be3 e5 7. Qd2 Nge7 8. Na3 Rb8 9. Bh6 Bxh6 10. Qxh6 Ng8 11. Qd2 Nf6 12. Nc2 b5 13. Ne2 0-0 14. 0-0 Kg7 15. Ne3 a5 16. d4 Ne7 17. Rad1 Bb7 18. Qc2 Qb6 19. dxe5 dxe5 20. c4 Nc6 21. Nd5 Nxd5 22. exd5 Nd4 23. Nxd4 exd4 24. b3 b4 25. Rd2 Rbe8 26. Re2 Bc8 27. Rfe1 Bf5 28. Qd2 Rxe2 29. Rxe2 Qf6 1/2-1/2

[Event "Figueres op-B 16th"]
[Site "Figueres"]
[Date "2015.08.14"]
[Round "4"]
[White "Oliva Llorens, Antoni"]
[Black "Alabert Vidal, Marc"]
[Result "1-0"]
[WhiteElo "1906"]
[BlackElo "2021"]
[PlyCount "67"]
[EventDate "2015.08.11"]
[EventType "swiss"]
[EventRounds "7"]
[EventCountry "ESP"]
[SourceTitle "EXT 2016"]
[Source "ChessBase"]
[SourceDate "2015.10.08"]
[SourceVersion "1"]
[SourceVersionDate "2015.10.08"]
[SourceQuality "1"]

1. e4 c5 2. Nc3 d6 3. f4 e6 4. Nf3 Nf6 5. g3 Be7 6. Bg2 0-0 7. d3 Nc6 8. Ne2 a6 9. 0-0 Qc7 10. Kh1 b5 11. Be3 Bb7 12. h3 Rfd8 13. g4 e5 14. g5 Nh5 15. Qe1 exf4 16. Nxf4 Nxf4 17. Bxf4 Ne5 18. Qg3 Ng6 19. Be3 Ne5 20. h4 Bc8 21. h5 g6 22. h6 Be6 23. Rad1 Nxf3 24. Rxf3 Rac8 25. b3 Qa5 26. Rdf1 Qxa2 27. Bh3 Rf8 28. R3f2 Qb2 29. Bxe6 fxe6 30. Qh3 Qe5 31. Bf4 Rxf4 32. Rxf4 Bxg5 33. Rf7 Qc3 34. Qxe6 1-0

[Event "Figueres op-B 16th"]
[Site "Figueres"]
[Date "2015.08.11"]
[Round "1"]
[White "Oliva Llorens, Antoni"]
[Black "Gili Munoz, Daniel"]
[Result "0-1"]
[WhiteElo "1906"]
[BlackElo "1884"]
[PlyCount "104"]
[EventDate "2015.08.11"]
[EventType "swiss"]
[EventRounds "7"]
[EventCountry "ESP"]
[SourceTitle "EXT 2016"]
[Source "ChessBase"]
[SourceDate "2015.10.08"]
[SourceVersion "1"]
[SourceVersionDate "2015.10.08"]
[SourceQuality "1"]

1. e4 c5 2. d3 d6 3. g3 Nf6 4. Bg2 g6 5. Nc3 Bg7 6. f4 0-0 7. Nf3 Nc6 8. Ne2 Qc7 9. 0-0 Rb8 10. c3 Bd7 11. h3 Rfe8 12. Nh4 e5 13. f5 b5 14. fxg6 hxg6 15. Bg5 Nh7 16. Be3 Qd8 17. Qd2 b4 18. Rf2 Rf8 19. Raf1 Be6 20. c4 Ra8 21. Kh2 a5 22. Nf3 Nd4 23. Nexd4 exd4 24. Bh6 Qe7 25. h4 Bg4 26. Bh3 Qd7 27. Bxg4 Qxg4 28. Kg2 Rae8 29. Nh2 Qh5 30. Bxg7 Kxg7 31. Qf4 Qe5 32. Qg4 Re7 33. Nf3 Qe6 34. Qf4 Qf6 35. Qd2 Qe6 36. Ng5 Nxg5 37. Qxg5 Qe5 38. Rf5 Qe6 39. h5 Rh8 40. hxg6 fxg6 41. g4 Rh6 42. R5f4 Kh7 43. Rf8 Kg7 44. R8f5 Kh7 45. Qxe7+ Qxe7 46. Rf7+ Qxf7 47. Rxf7+ Kg8 48. Rf6 Rh4 49. Kf3 Kg7 50. Rxg6+ Kxg6 51. a3 Kg7 52. g5 Kg6 0-1

[Event "Benidorm op U2000 13th"]
[Site "Benidorm"]
[Date "2014.12.02"]
[Round "5"]
[White "Oliva Llorens, Antoni"]
[Black "Campos Gutierrez, Luis Maria"]
[Result "1/2-1/2"]
[WhiteElo "1924"]
[BlackElo "1844"]
[PlyCount "90"]
[EventDate "2014.11.28"]
[EventType "swiss"]
[EventRounds "10"]
[EventCountry "ESP"]
[SourceTitle "CBM 163 Extra"]
[Source "ChessBase"]
[SourceDate "2014.12.23"]
[SourceVersion "1"]
[SourceVersionDate "2014.12.23"]
[SourceQuality "1"]

1. e4 d5 2. exd5 Qxd5 3. Nc3 Qd6 4. Nf3 Nf6 5. g3 Bg4 6. Bg2 c6 7. d4 e6 8. Bf4 Qb4 9. Qd2 Nd5 10. Nxd5 Qxd2+ 11. Nxd2 exd5 12. 0-0 f6 13. h4 Kf7 14. Rfe1 Nd7 15. Re3 h6 16. h5 Bxh5 17. Bh3 g5 18. Be6+ Kg7 19. Bc7 Nb6 20. a4 Bf7 21. a5 Nc4 22. Nxc4 dxc4 23. a6 b6 24. Rae1 Bxe6 25. Rxe6 Rc8 26. Rxc6 Bd6 27. Rxd6 Rxc7 28. Ree6 Rf8 29. d5 Rff7 30. Rc6 b5 31. Rxc7 Rxc7 32. Rc6 Rd7 33. Rc5 Rd6 34. Rxb5 Rxa6 35. Rb4 Rb6 36. Rxc4 Rxb2 37. Rc7+ Kf8 38. c4 a5 39. d6 Ke8 40. c5 Rd2 41. Ra7 a4 42. Rxa4 Rc2 43. Ra8+ Kd7 44. Ra7+ Kc8 45. Rf7 f5 1/2-1/2

[Event "Benidorm op U2000 12th"]
[Site "Benidorm"]
[Date "2013.12.07"]
[Round "10"]
[White "Oliva Llorens, Antoni"]
[Black "Ingunza Lopez, Txema"]
[Result "1-0"]
[WhiteElo "1918"]
[BlackElo "1993"]
[PlyCount "53"]
[EventDate "2013.11.29"]
[EventType "swiss"]
[EventRounds "10"]
[EventCountry "ESP"]
[SourceTitle "CBM 157 Extra"]
[Source "ChessBase"]
[SourceDate "2013.12.19"]
[SourceVersion "1"]
[SourceVersionDate "2013.12.19"]
[SourceQuality "1"]

1. d4 Nf6 2. g3 d5 3. Nf3 c6 4. Bg2 Bf5 5. 0-0 e6 6. c4 Bd6 7. Nc3 Ne4 8. Nh4 Nxc3 9. bxc3 Bg6 10. Nxg6 hxg6 11. cxd5 exd5 12. e4 dxe4 13. Bxe4 0-0 14. Qb3 Qb6 15. Rb1 Qxb3 16. Rxb3 Re8 17. Bf3 Re7 18. Be3 Rc7 19. c4 b6 20. c5 bxc5 21. dxc5 Be5 22. Rd1 Rc8 23. Be2 Kf8 24. Rb7 Ke8 25. Bf4 Bxf4 26. gxf4 Kf8 27. Bc4 1-0

[Event "Benidorm op U2000 12th"]
[Site "Benidorm"]
[Date "2013.12.01"]
[Round "3"]
[White "Oliva Llorens, Antoni"]
[Black "Rodriguez Marcos, Jose Ramon"]
[Result "0-1"]
[WhiteElo "1918"]
[BlackElo "1985"]
[PlyCount "108"]
[EventDate "2013.11.29"]
[EventType "swiss"]
[EventRounds "10"]
[EventCountry "ESP"]
[SourceTitle "CBM 157 Extra"]
[Source "ChessBase"]
[SourceDate "2013.12.19"]
[SourceVersion "1"]
[SourceVersionDate "2013.12.19"]
[SourceQuality "1"]

1. e4 c5 2. Nc3 d6 3. g3 Nc6 4. Bg2 Nf6 5. d3 g6 6. Be3 Bg7 7. Nge2 Ng4 8. Bd2 Nd4 9. h3 Ne5 10. Nxd4 cxd4 11. Ne2 Qb6 12. Rb1 Be6 13. b3 0-0 14. 0-0 Rac8 15. f4 Nc6 16. a3 Qc7 17. f5 Bd7 18. Kh2 Ne5 19. Rc1 Bc6 20. Be1 gxf5 21. Rxf5 e6 22. Rf1 Ng6 23. c3 dxc3 24. Bxc3 e5 25. Bb4 a5 26. Bd2 b5 27. Qc2 Qb7 28. Qb2 d5 29. Bxa5 dxe4 30. dxe4 Bxe4 31. Nc3 Bxg2 32. Qxg2 Qa6 33. Bb4 Rfd8 34. Qe2 Qe6 35. Nxb5 Qxb3 36. Nd6 Rxc1 37. Rxc1 Bh6 38. Rc3 Qe6 39. Rd3 e4 40. Rd4 e3 41. Re4 Qd5 42. Re8+ Rxe8 43. Nxe8 Qe6 44. Nd6 Bf8 45. Nc4 Bh6 46. h4 Ne7 47. Nb2 Nd5 48. Nd3 Nxb4 49. axb4 Qc4 50. Kh3 f5 51. Nf4 Qe4 52. Nh5 Qh1+ 53. Qh2 Qf1+ 54. Qg2 e2 0-1

[Event "Girona Province-ch Seniors"]
[Site "Girona"]
[Date "2013.02.21"]
[Round "3"]
[White "Guzman Maglaya, Noli"]
[Black "Oliva Llorens, Antoni"]
[Result "0-1"]
[WhiteElo "1947"]
[BlackElo "1933"]
[PlyCount "104"]
[EventDate "2013.02.07"]
[EventType "swiss"]
[EventRounds "6"]
[EventCountry "ESP"]
[SourceTitle "EXT 2017"]
[Source "ChessBase"]
[SourceDate "2016.10.25"]
[SourceVersion "1"]
[SourceVersionDate "2016.10.25"]
[SourceQuality "1"]

1. Nf3 c5 2. e4 g6 3. c3 Bg7 4. d4 cxd4 5. cxd4 d5 6. Bb5+ Bd7 7. Bxd7+ Qxd7 8. e5 Nc6 9. 0-0 e6 10. Nc3 Nge7 11. Bf4 Na5 12. b3 Rc8 13. Qd2 0-0 14. Rac1 b6 15. h3 Rc7 16. g4 Rfc8 17. Bg5 a6 18. Na4 Rxc1 19. Rxc1 Rxc1+ 20. Qxc1 Nc8 21. Qc3 Qc6 22. Qd3 b5 23. Nc5 Nb7 24. Nxb7 Qxb7 25. Qc3 Bf8 26. Qc1 Na7 27. Bh6 Bg7 28. Qf4 Qe7 29. Bg5 Qc7 30. h4 Qc2 31. Kg2 Nc6 32. Qc1 Qxc1 33. Bxc1 Bf8 34. a3 a5 35. Kf1 Be7 36. Ke2 f6 37. exf6 Bxf6 38. Kd3 e5 39. dxe5 Nxe5+ 40. Nxe5 Bxe5 41. f4 Bf6 42. g5 Bg7 43. Bd2 a4 44. bxa4 bxa4 45. Bc3 Bf8 46. Bb2 Bd6 47. Ke3 Kf7 48. Kf3 Ke6 49. Kg4 d4 50. Bc1 d3 51. f5+ gxf5+ 52. Kf3 Bxa3 0-1

[Event "Girona Provincial-ch"]
[Site "Girona"]
[Date "2011.10.16"]
[Round "3"]
[White "Oliva Llorens, Antoni"]
[Black "Lillo Castany, Victor"]
[Result "1/2-1/2"]
[WhiteElo "1948"]
[BlackElo "2286"]
[PlyCount "141"]
[EventDate "2011.10.09"]
[EventType "swiss"]
[EventRounds "9"]
[EventCountry "ESP"]
[SourceTitle "EXT 2013"]
[Source "ChessBase"]
[SourceDate "2012.11.22"]
[SourceVersion "1"]
[SourceVersionDate "2012.11.22"]
[SourceQuality "1"]

1. e4 c5 2. d3 Nc6 3. g3 g6 4. Bg2 Bg7 5. f4 d6 6. Nf3 e6 7. Nc3 Nge7 8. Be3 Nd4 9. Qd2 0-0 10. Nd1 Rb8 11. c3 Nxf3+ 12. Bxf3 b5 13. 0-0 a5 14. d4 cxd4 15. cxd4 Bb7 16. Bg2 b4 17. Nf2 f5 18. Rfe1 Rc8 19. Rac1 Qd7 20. a3 Bc6 21. axb4 axb4 22. b3 Qb7 23. Qd3 Rfd8 24. Red1 fxe4 25. Nxe4 Nd5 26. Ng5 Qd7 27. Bd2 h6 28. Nf3 Qf7 29. Bh3 Bd7 30. Qa6 Qf8 31. Qd3 Qf6 32. Kg2 Kh7 33. Re1 Re8 34. Qa6 Bf8 35. Qb7 Qf7 36. Qa6 Ra8 37. Qd3 Ra2 38. Ra1 Rea8 39. Rxa2 Rxa2 40. Kg1 Bg7 41. Nh4 Qf6 42. Nf3 Bc8 43. Qe4 Rxd2 44. Nxd2 Qxd4+ 45. Qxd4 Bxd4+ 46. Kh1 Bc3 47. Rc1 Bb7 48. Nf3 Nxf4 49. gxf4 Bxf3+ 50. Bg2 Bxg2+ 51. Kxg2 Kg7 52. Rd1 d5 53. Kf3 Kf6 54. h4 Kf5 55. Rh1 Bd2 56. h5 g5 57. fxg5 Kxg5 58. Ke2 Bc3 59. Kd3 e5 60. Ke3 Bd4+ 61. Kd3 Bf2 62. Ke2 Bh4 63. Rd1 d4 64. Kd3 Kxh5 65. Ke4 Bg3 66. Kf5 Bh4 67. Rh1 d3 68. Kxe5 Kg4 69. Ke4 d2 70. Rg1+ Kh3 71. Kf3 1/2-1/2